000 02381cam a2200313 i 4500
003 SA-RiAUC
005 20241214063653.0
008 241213q19601969mr g 000 0 ara c
040 _aJO-AmJU
_bara
_cSA-RiAUC
_erda
082 0 4 _a210.2
090 _a210.2
_bق ا ض
100 1 _aالقاضي عياض، عياض بن موسى بن عياض،
_d476-544 هجري
_eمؤلف.
245 1 2 _aالإعلام بحدود قواعد الإسلام /
_cتأليف القاضي عياض ؛ تحقيق وتقديم محمد بن تاويت الطنجي.
250 _aالطبعة الثالثة.
264 1 _a[مكان النشر غير محدد] :
_b[الناشر غير محدد]،
_c[بين 1960 و1969]
264 3 _aالرباط :
_bالمطبعة الملكية
300 _a83 صفحة.
336 _aنص
_btxt
_2rdacontent
_3كتاب
337 _aبدون وسيط
_bn
_2rdamedia
338 _aمجلد
_bnc
_2rdacarrier
440 2 _aالسلسلة الدينية
_v1
650 7 _aالعبادات (فقه إسلامي)
_2aucsh
650 7 _aالعبادات (فقه إسلامي)
_2aucsh
700 1 _aالطنجي، محمد بن تاويت،
_d1911-1974
_eمحقق.
856 _uhttp://saaid.net/book/open.php?cat=87&book=4742
_yExternal Link
_2 نرجو الانتباه لإمكانية وجود اختلاف في الطبعة أو الناشر بين البيانات على البوابة وما ستجده على الكتاب نظرا لمحدودية المعلومات المتاحة على الموقع الناشر للمادة.
_3Please note that there may be a difference in the edition or publisher between the data on the portal and the book due to the limited information available on the publisher website for the material.
856 _uhttp://saaid.net/book/10/3548.rar
_yDigital Copy
_2 نرجو الانتباه لإمكانية وجود اختلاف في الطبعة أو الناشر بين البيانات على البوابة وما ستجده على الكتاب نظرا لمحدودية المعلومات المتاحة على الموقع الناشر للمادة.
_3Please note that there may be a difference in the edition or publisher between the data on the portal and the book due to the limited information available on the publisher website for the material.
942 _2ddc
_cBOOK
_n0
949 _aSA-JeALM
_d241213
_uosman123
_n1
999 _c3466
_d3466